000 00909nam a22002657a 4500
003 UA-OsUOA
001 21530
007 ta
008 20031211b un ||||| |||| 00| 0 ukr d
100 _aДідківська Л.І.
700 _aГоловко Л.С.
090 _a338.24(075.8)
_bД44
942 _cBK
040 _aUA-OsUOA
_bukr
_cUA-OsUOA
_dUA-OsUOA
245 _aДервавне регулювання економіки
_bнавчальний посібник
300 _a209 с.
955 _a2
041 _aukr
080 _a338.24(075.8)
020 _a996-7767-06-Х
260 _aКиїв
_bЗнання-Прес
_c2000
044 _aUA
650 7 _a338 Економічне становище. Економічна політика. Управління в економії Планування в економіці. Виробництво. Послу
_2UDC
999 _c307731
_d307731